Taking Sides: Clashing Views on Educational Issues
Spremljeno u:
| Format: | Knjiga |
|---|---|
| Jezik: | Undetermined |
| Izdano: |
Mc-GrawHill
Iowa
2008
|
| Teme: | |
| Oznake: |
Dodaj oznaku
Bez oznaka, Budi prvi tko označuje ovaj zapis!
|
| Thư viện lưu trữ: | Trung tâm Học liệu Trường Đại học Cần Thơ |
|---|
| LEADER | 00598nam a2200217Ia 4500 | ||
|---|---|---|---|
| 001 | CTU_166235 | ||
| 008 | 210402s9999 xx 000 0 und d | ||
| 020 | |c 11.63 | ||
| 082 | |a 370.973 | ||
| 082 | |b T136/14th | ||
| 245 | 0 | |a Taking Sides: | |
| 245 | 0 | |b Clashing Views on Educational Issues | |
| 245 | 0 | |c Selected, edited and introductions by James Wm. Noll | |
| 260 | |a Mc-GrawHill | ||
| 260 | |b Iowa | ||
| 260 | |c 2008 | ||
| 650 | |a Education,Giáo dục | ||
| 650 | |x Hoa Kỳ | ||
| 650 | |z United States | ||
| 910 | |a Nguyên | ||
| 980 | |a Trung tâm Học liệu Trường Đại học Cần Thơ | ||